=LDR 00000nam 2200000 4500 =001 INLIS000000000009391 =005 20210519085138 =035 ##$$a 0010-061300000009391 =008 210519################g##########0#ind## =041 ##$$a Ind =082 ##$$a 230 =090 ##$$a 230, Nif-d =100 ##$$a Niftrik, G. C. Van =245 1#$$a Dogmatika Masakini /$c Dr. G. C. Van Niftrik =260 ##$$a Jakarta :$b Gunung Mulia,$c 1993 =300 ##$$a 576 hlm, 21 cm ; $c 20 x 13 cm. =650 #4$$a Dogmatika Kristen =850 ##$$a NBPNMAT =020 ##$$a 979-415-194-7 =084 ##$$a 230 NIF d =250 ##$$a cet. 8 =520 ##$$a Bibliografi hlm. 573-576 =990 ##$$a DW00022247 =990 ##$$a DW00022248